| 000 | 01056nam a2200217 4500 | ||
|---|---|---|---|
| 005 | 20250411151551.0 | ||
| 008 | 250411b |||||||| |||| 00| 0 eng d | ||
| 020 | _a9789383158553 | ||
| 037 | _cTextual | ||
| 040 |
_aRTL _cRTL |
||
| 084 | _aU672(J) Q5 | ||
| 100 | _aSarkar, A.N. | ||
| 245 | _aOrganic farming and sustainable agriculture for green economy | ||
| 260 |
_aNew Delhi _bS.K. Book Agency _c2015 |
||
| 300 |
_axi, 420 p. : ill. _bIncludes bibliographical references and index |
||
| 521 | _aorganic farming is universally recognized to be a specialized form of farming practices, involving incorporation of organic inputs, such as manures, crop residues, green manuring crops, biogas slurry, and earthworm casts (vermiculture) etc. to enrich soil with adequate plant nutrients, and provide good soil health for creating a sustainable and remunerative form of farming system. | ||
| 650 |
_aOrganic farming _9752203 |
||
| 650 |
_aAgriculture, farming _9752204 |
||
| 650 |
_aGreen economy _9752205 |
||
| 942 |
_2CC _n0 _cTB _hU672(J) Q5 |
||
| 999 |
_c1308894 _d1308894 |
||